[Event "CRI-ch"]
[Site "San Jose"]
[Date "2011.10.24"]
[Round "7"]
[White "Bermudez Munoz, Alexander"]
[Black "Arias Santana, Mauricio"]
[Result "1/2-1/2"]
[WhiteElo "2064"]
[BlackElo "2327"]
[PlyCount "138"]
[EventDate "2011.10.18"]
[EventType "tourn"]
[EventRounds "11"]
[EventCountry "CRI"]
[SourceTitle "EXT 2012"]
[Source "ChessBase"]
[SourceDate "2011.11.24"]
[SourceVersion "1"]
[SourceVersionDate "2011.11.24"]
[SourceQuality "1"]

1. d4 Nf6 2. c4 e6 3. Nf3 c5 4. Nc3 cxd4 5. Nxd4 Bb4 6. Bd2 b6 7. a3 Be7 8. e4 d6 9. Be2 0-0 10. 0-0 Bb7 11. Qc2 Nc6 12. Be3 Rc8 13. Rfd1 Qc7 14. Nf3 Qb8 15. b4 Rfe8 16. Qb3 Ng4 17. Bf4 Nce5 18. Nd4 Nf6 19. f3 a6 20. Rac1 Ng6 21. Be3 h5 22. Na4 Ba8 23. Nc2 Bd8 24. Nc3 Bc7 25. h3 h4 26. Bd3 Nh5 27. Ne2 b5 28. cxb5 axb5 29. Ncd4 d5 30. Bxb5 Red8 31. a4 dxe4 32. fxe4 Bxe4 33. Bc6 Bh2+ 34. Kf1 Rxd4 35. Nxd4 Rxc6 36. Nxc6 Qg3 37. Rd2 Nhf4 38. Rcc2 Nd5 39. Rxd5 Bxd5 40. Qc3 Bxc6 41. b5 Be4 42. Rf2 Ne5 43. Qd4 Bd5 44. Bf4 Bc4+ 45. Qxc4 Nxc4 46. Bxg3 Bxg3 47. Ra2 Bc7 48. Ke2 Ba5 49. Rc2 Nb6 50. Kf3 e5 51. Ke4 f6 52. Rc7 Nxa4 53. Ra7 Nc3+ 54. Kd3 e4+ 55. Kc2 Nxb5 56. Rxa5 Nd4+ 57. Kd1 Ne6 58. Ke2 f5 59. Ke3 g6 60. Ra7 g5 61. Re7 Ng7 62. Ra7 Kh7 63. Kd4 Kg6 64. Ke5 e3 65. Ra6+ Kf7 66. Ra7+ Kg6 67. Ra6+ Kf7 68. Ra7+ Kg6 69. Ra6+ Kf7 1/2-1/2

[Event "Ajuela op 4th"]
[Site "Alajuela"]
[Date "2008.07.10"]
[Round "2"]
[White "Bermudez Munoz, Alexander"]
[Black "Perez Rodriguez, Luis Manuel"]
[Result "0-1"]
[WhiteElo "2045"]
[BlackElo "2495"]
[PlyCount "94"]
[EventDate "2008.07.09"]
[EventType "swiss"]
[EventRounds "9"]
[EventCountry "CRI"]
[SourceTitle "EXT 2009"]
[Source "ChessBase"]
[SourceDate "2008.11.26"]
[SourceVersion "1"]
[SourceVersionDate "2008.11.26"]
[SourceQuality "1"]

1. d4 d5 2. c4 c6 3. Nf3 Nf6 4. Nc3 e6 5. e3 Nbd7 6. Qc2 Bd6 7. g4 dxc4 8. Bxc4 e5 9. dxe5 Nxe5 10. Nxe5 Bxe5 11. h3 Bxc3+ 12. bxc3 0-0 13. Ba3 Re8 14. Bd3 Qa5 15. Bb4 Qe5 16. 0-0-0 c5 17. Ba3 c4 18. Bxc4 Be6 19. Bxe6 Qxe6 20. Rd6 Qe5 21. Rhd1 Ne4 22. R6d3 Rac8 23. Bb2 b5 24. Kb1 Qh2 25. Rd7 Qxh3 26. Qb3 Qf3 27. Rxa7 Nxc3+ 28. Bxc3 Rxc3 29. Qxc3 Qxd1+ 30. Kb2 Qe2+ 31. Kb3 Qxg4 32. Qc6 Rc8 33. Qd5 Qg6 34. Rc7 Qb1+ 35. Ka3 Rf8 36. f4 Qe1 37. Qc5 Ra8+ 38. Kb2 Qd2+ 39. Qc2 Qd8 40. Qe4 h6 41. Rc2 Qa5 42. Qd5 Qa3+ 43. Ka1 Qa5 44. e4 Rd8 45. Qc6 b4 46. Rc1 b3 47. a4 Qd2 0-1

[Event "Heredia op 1st"]
[Site "Heredia"]
[Date "2004.07.28"]
[Round "2"]
[White "Solano Lopez, Royner"]
[Black "Bermudez Munoz, Alexander"]
[Result "1-0"]
[WhiteElo "2088"]
[BlackElo "1960"]
[PlyCount "65"]
[EventDate "2004.07.26"]
[EventType "swiss"]
[EventRounds "8"]
[EventCountry "CRI"]
[SourceTitle "EXT 2005"]
[Source "ChessBase"]
[SourceDate "2004.11.15"]
[SourceVersion "1"]
[SourceVersionDate "2004.11.15"]
[SourceQuality "1"]

1. e4 c6 2. d4 d5 3. e5 Bf5 4. h4 h5 5. Be2 c5 6. Nf3 e6 7. c3 Nc6 8. a3 cxd4 9. cxd4 Nge7 10. b4 a6 11. Nbd2 Nc8 12. Nb3 N8a7 13. 0-0 Rc8 14. Nc5 Rc7 15. Qb3 Bg4 16. Bg5 Be7 17. Qe3 Bxg5 18. hxg5 h4 19. Qf4 Bxf3 20. Bxf3 Ne7 21. Bg4 Ng6 22. Qe3 Qe7 23. f4 Nf8 24. f5 Rc6 25. g6 fxg6 26. fxe6 Nxe6 27. Bxe6 Rxe6 28. Nxe6 Qxe6 29. Qh3 Qb6 30. Qg4 Ke7 31. Rf4 Nc6 32. Raf1 Nxe5 33. Qg5+ 1-0